LEADER 01021nam0-22003611i-450- 001 990007849200403321 005 20080221120250.0 010 $a88-7916-082-6 035 $a000784920 035 $aFED01000784920 035 $a(Aleph)000784920FED01 035 $a000784920 100 $a20040114e20031996km-y0itay50------ba 101 0 $aita 102 $aIT 105 $ay---a---001yy 200 1 $a<>misura in psicologia$eintroduzione ai test psicologici$fAnna Paola Ercolani, Marco Perugini 205 $a4. rist. 210 $aMilano$cLED$d2003 215 $a236 p.$d21 cm 225 1 $aStrumenti e metodi per le scienze sociali 610 0 $aPsicometria 610 0 $aTest psicologici 676 $a150.287$v21$zita 700 1$aErcolani,$bAnna Paola$0124291 701 1$aPerugini,$bMarco$0253486 801 0$aIT$bUNINA$gRICA$2UNIMARC 901 $aBK 912 $a990007849200403321 952 $aP.1 PCP 365$fFLFBC 959 $aFLFBC 996 $aMisura in psicologia$9625041 997 $aUNINA LEADER 00944nam a2200277 i 4500 001 991001154439707536 005 20020507112010.0 008 970308s1965 uk ||| | eng 035 $ab10181313-39ule_inst 035 $aLE00643053$9ExL 040 $aDip.to Fisica$bita 084 $a52.9.521 084 $a523.75 084 $aQB529 100 1 $aShklovsky, I.S.$0347287 245 10$aPhysics of the solar corona /$cI.S. Shklovoskij ; additional material translated and edited by A.J. Meadows 260 $aOxford :$bPergamon,$c1965 300 $a1 v. 650 4$aSolar corona 700 1 $aMeadows, A.J. 907 $a.b10181313$b21-09-06$c27-06-02 912 $a991001154439707536 945 $aLE006 52.9.52+52.9.56 SHK$g1$i2006000028356$lle006$o-$pE0.00$q-$rl$s- $t0$u0$v0$w0$x0$y.i10222364$z27-06-02 996 $aPhysics of the solar corona$9190760 997 $aUNISALENTO 998 $ale006$b01-01-97$cm$da $e-$feng$guk $h0$i1 LEADER 02433nas 2200745-a 450 001 9910154360003321 005 20260218111948.0 011 $a1798-5250 035 $a(DE-599)ZDB2807365-4 035 $a(CKB)110978977738211 035 $a(CONSER)---78647806- 035 $a(DE-599)2807365-4 035 $a(EXLCZ)99110978977738211 100 $a20790427a19uu9999 -a- - 101 0 $aeng 181 $ctxt$2rdacontent 182 $cc$2rdamedia 183 $acr$2rdacarrier 200 00$aSuomen tilastollinen vuosikirja =$eStatistisk årsbok för Finland = Statistical yearbook of Finland 210 $aHelsinki $cTilastollisen päätoimisto 215 $a1 online resource 311 08$aPrint version: Suomen tilastollinen vuosikirja = 0081-5063 (DLC) 78647806 (OCoLC)4904475 517 3 $aStatistisk årsbok för Finland 517 3 $aStatistical yearbook of Finland 517 1 $aAnnuaire statistique de Finlande 517 3 $aVuosikirja 517 3 $aVuosi-kirja 531 $aFINLAND TILASTOKESKUS SUOMEN TILASTOLLINEN VUOSIKIRJA 606 $aStatistics as Topic 606 $aSociaal-economische situatie$2gtt 606 $aFinnland$2stw 606 $aStatistik$2stw 606 $aVITAL STATISTICS$2unbist 606 $aINDUSTRIAL STATISTICS$2unbist 606 $aTRADE STATISTICS$2unbist 606 $aECONOMIC STATISTICS$2unbist 606 $aSOCIAL STATISTICS$2unbist 606 $aFINLAND$2unbist 607 $aFinland$vStatistics$vPeriodicals 607 $aFinland 607 $aFinland$2fast$1https://id.oclc.org/worldcat/entity/E39PBJtMjwrX6pdK3hJc64v8md 608 $aPeriodical. 608 $aPeriodicals.$2fast 608 $aStatistics.$2fast 608 $aYearbook.$2gtlm 608 $aStatistics.$2lcgft 608 $aPeriodicals.$2lcgft 615 2$aStatistics as Topic. 615 17$aSociaal-economische situatie. 615 7$aFinnland. 615 7$aStatistik. 615 17$aVITAL STATISTICS. 615 17$aINDUSTRIAL STATISTICS. 615 17$aTRADE STATISTICS. 615 17$aECONOMIC STATISTICS. 615 17$aSOCIAL STATISTICS. 615 17$aFINLAND. 676 $a314.71 712 02$aFinland.$bTilastokeskus. 712 02$aFinland.$bTilastollinen pa?a?toimisto. 906 $aJOURNAL 912 $a9910154360003321 920 $aexl_impl conversion 996 $aSuomen tilastollinen vuosikirja$91958662 997 $aUNINA